| 000 | 00416nam a22001697a 4500 | ||
|---|---|---|---|
| 003 | MPLRDC | ||
| 005 | 20220104143922.0 | ||
| 008 | 210129b ||||| |||| 00| 0 eng d | ||
| 082 | _a811.39 NYSB v.2 c.2 | ||
| 100 | _a不详 | ||
| 245 |
_a南洋学生作文专辑. 2 _c |
||
| 250 | _a初版 | ||
| 260 |
_a _b南洋商报 _c1991 |
||
| 300 | _b平 | ||
| 650 | _a各种文章作法 | ||
| 942 |
_cBK _o811.39 NYSB v.2 c.2 |
||
| 999 |
_c44620 _d44610 |
||